National Judicial Reporting Program, 1990

This data collection tabulates the number of persons convicted of felonies in state courts and describes their sentences. Data were collected from state courts and state prosecutors in 100 counties of the United States. The collection contains sociodemographic information such as age, race, and sex...

Descripción completa

Guardado en:  
Detalles Bibliográficos
Autor Corporativo: United States Department of Justice. Office of Justice Programs. Bureau of Justice Statistics. VerfasserIn (Autor)
Tipo de documento: Electrónico Research Data
Lenguaje:Inglés
Publicado: [Erscheinungsort nicht ermittelbar] [Verlag nicht ermittelbar] 1993
En:Año: 1993
Acceso en línea: Volltext (kostenfrei)
Verificar disponibilidad: HBZ Gateway
Palabras clave:

MARC

LEADER 00000cam a22000002c 4500
001 1840050632
003 DE-627
005 20250708100647.0
007 cr uuu---uuuuu
008 230324s1993 xx |||||o 00| ||eng c
024 7 |a 10.3886/ICPSR06038.v2  |2 doi 
035 |a (DE-627)1840050632 
035 |a (DE-599)KXP1840050632 
040 |a DE-627  |b ger  |c DE-627  |e rda 
041 |a eng 
084 |a 2,1  |2 ssgn 
110 2 |a United States Department of Justice. Office of Justice Programs. Bureau of Justice Statistics  |e VerfasserIn  |4 aut 
245 1 0 |a National Judicial Reporting Program, 1990 
264 1 |a [Erscheinungsort nicht ermittelbar]  |b [Verlag nicht ermittelbar]  |c 1993 
336 |a Text  |b txt  |2 rdacontent 
337 |a Computermedien  |b c  |2 rdamedia 
338 |a Online-Ressource  |b cr  |2 rdacarrier 
520 |a This data collection tabulates the number of persons convicted of felonies in state courts and describes their sentences. Data were collected from state courts and state prosecutors in 100 counties of the United States. The collection contains sociodemographic information such as age, race, and sex of the felon. Types of offenses committed include homicide, rape, and robbery. Adjudication variables referring to the process between arrest and sentencing are also a part of this dataset. Data can be analyzed at the national level or by the individual counties. 
540 |a ICPSR Terms of Use 
650 4 |a Arrests 
650 4 |a Assault 
650 4 |a Auto Theft 
650 4 |a Burglary 
650 4 |a Case processing 
650 4 |a convictions (law) 
650 4 |a counties 
650 4 |a demographic characteristics 
650 4 |a drug law offenses 
650 4 |a felony courts 
650 4 |a felony offenses 
650 4 |a Homicide 
650 4 |a Larceny 
650 4 |a manslaughter 
650 4 |a Murder 
650 4 |a Rape 
650 4 |a Robbery 
650 4 |a Sentencing 
650 4 |a state courts 
655 7 |a Forschungsdaten  |0 (DE-588)1098579690  |0 (DE-627)857755366  |0 (DE-576)469182156  |2 gnd-content 
787 0 8 |i Forschungsdaten zu  |a Braga, Anthony Allan, 1969 -   |t And we wonder why Criminology is sometimes considered irrelevant in real-world policy conversations  |d 2016  |w (DE-627)1912457687 
787 0 8 |i Forschungsdaten zu  |a Schwartz, Jennifer  |t Assessing trends in women's violence via data triangulation: Arrests, convictions, incarcerations, and victim reports  |d 2009  |w (DE-627)1912463113 
787 0 8 |i Forschungsdaten zu  |a Justice Research and Statistics Association  |t Crime and Justice Atlas 2000  |d [Erscheinungsort nicht ermittelbar] : United States Department of Justice, National Institute of Justice, 2000  |w (DE-627)1912496607 
787 0 8 |i Forschungsdaten zu  |a Langan, Patrick A., 1945 -   |t Crime and Justice in the United States and England and Wales, 1981-96  |d [Erscheinungsort nicht ermittelbar] : United States Department of Justice, Bureau of Justice Statistics, 1998  |w (DE-627)1912496631 
787 0 8 |i Forschungsdaten zu  |a Kleck, Gary, 1951 -   |t Deterrence and macro-level perceptions of punishment risks: Is there a 'collective wisdom'?  |d 2013  |w (DE-627)1912510871 
787 0 8 |i Forschungsdaten zu  |a Walker-Hassett, Connie  |t Do female sex offenders receive preferential treatment in criminal charging and sentencing?  |d 2014  |w (DE-627)1912519887 
787 0 8 |i Forschungsdaten zu  |a Cohen, Jacqueline  |t Drug Offenders: How Bad Are They? Final Report  |d [Erscheinungsort nicht ermittelbar] : United States Department of Justice, National Institute of Justice, 1994  |w (DE-627)191252287X 
787 0 8 |i Forschungsdaten zu  |a Choi, KyuBeom  |t The Effects of Actual Punishment Levels on Perceptions of Punishment: A Multi-Level Approach  |d [Erscheinungsort nicht ermittelbar] : Florida State University, 2005  |w (DE-627)1912530155 
787 0 8 |i Forschungsdaten zu  |a Lim, Claire S. H.  |t Elections and Government Accountability: Evidence from the Courts  |d [Erscheinungsort nicht ermittelbar] : [Verlag nicht ermittelbar]  |w (DE-627)191253407X 
787 0 8 |i Forschungsdaten zu  |a Lim, Claire S. H.  |t Elections and the Quality of Public Officials: Evidence from U.S. State Courts  |d National Bureau of Economic Research, 2012  |w (DE-627)1912534088 
787 0 8 |i Forschungsdaten zu  |a Freeborn, Beth Anne  |t An Equilibrium Search Model of the Retail Cocaine Market and Drug Law Enforcement  |d [Erscheinungsort nicht ermittelbar] : University of Virginia, 2006  |w (DE-627)1912538512 
787 0 8 |i Forschungsdaten zu  |a Bjerk, David  |t Estimating racial differences in wrongful conviction rates  |d Amsterdam Center for Law and Economics, 2016  |w (DE-627)1912541092 
787 0 8 |i Forschungsdaten zu  |a Langan, Patrick A., 1945 -   |t Felony Sentences in State Courts, 1990  |d [Erscheinungsort nicht ermittelbar] : United States Department of Justice, Bureau of Justice Statistics, 1993  |w (DE-627)1912558181 
787 0 8 |i Forschungsdaten zu  |a Langan, Patrick A., 1945 -   |t Felony Sentences in the United States, 1990  |d United States Department of Justice, Bureau of Justice Statistics, 1995  |w (DE-627)1912558270 
787 0 8 |i Forschungsdaten zu  |a Abel, Jonathan, 1985 -   |t Going federal, staying stateside: Felons, firearms, and the 'federalization' of crime  |d 2024  |w (DE-627)1912568454 
787 0 8 |i Forschungsdaten zu  |a Lim, Claire S. H.  |t Is more information always better? Party cues and candidate quality in U.S. judicial elections  |d 2015  |w (DE-627)1912599147 
787 0 8 |i Forschungsdaten zu  |a Lim, Claire S. H.  |t The judge, the politician, and the press: Newspaper coverage and criminal sentencing across electoral systems  |d [Erscheinungsort nicht ermittelbar] : Cornell University, 2012  |w (DE-627)1912601303 
787 0 8 |i Forschungsdaten zu  |a Charles, Kerwin Kofi  |t Male incarceration, the marriage market, and female outcomes  |d 2010  |w (DE-627)1912615177 
787 0 8 |i Forschungsdaten zu  |a Langan, Patrick A., 1945 -   |t National Judicial Reporting Program, 1990  |d [Erscheinungsort nicht ermittelbar] : United States Department of Justice, Bureau of Justice Statistics, 1993  |w (DE-627)1912631415 
787 0 8 |i Forschungsdaten zu  |a Slepicka, Jessie  |t Reassessing the missing link in general deterrence research: A behavioral economic approach  |d 2022  |w (DE-627)1912678160 
787 0 8 |i Forschungsdaten zu  |a Misner, Robert L.  |t Recasting prosecutorial discretion  |d 1996  |w (DE-627)1912678322 
787 0 8 |i Forschungsdaten zu  |a Takahashi, Taiga  |t Unintended Consequences: The Effect of Pursuing the Death Penalty on Sentencing Outcomes in the United States  |d [Erscheinungsort nicht ermittelbar] : [Verlag nicht ermittelbar], 2011  |w (DE-627)1912735369 
787 0 8 |i Forschungsdaten zu  |a King, Ryan S.  |t The war on marijuana: The transformation of the war on drugs in the 1990s  |d 2006  |w (DE-627)1912746042 
787 0 8 |i Forschungsdaten zu  |a King, Ryan S.  |t The War on Marijuana: The Transformation of the War on Drugs in the 1990s  |d [Erscheinungsort nicht ermittelbar] : Sentencing Project, 2005  |w (DE-627)1912746050 
787 0 8 |i Forschungsdaten zu  |a Greenfeld, Lawrence A.  |t Weapons Offenses and Offenders Firearms, Crime, and Criminal Justice: Selected Findings  |d United States Department of Justice, Bureau of Justice Statistics, 1995  |w (DE-627)1912746352 
787 0 8 |i Forschungsdaten zu  |a Schlanger, Margo  |t What we know and what we should know about American trial trends  |d 2006  |w (DE-627)1912748126 
856 4 0 |u https://doi.org/10.3886/ICPSR06038.v2  |x Resolving-System  |z kostenfrei  |3 Volltext  |7 0 
935 |a mkri 
951 |a BO 
ELC |a 1 
LOK |0 000 xxxxxcx a22 zn 4500 
LOK |0 001 4296798073 
LOK |0 003 DE-627 
LOK |0 004 1840050632 
LOK |0 005 20230324125217 
LOK |0 008 230324||||||||||||||||ger||||||| 
LOK |0 035   |a (DE-2619)ICPSR6038 
LOK |0 040   |a DE-2619  |c DE-627  |d DE-2619 
LOK |0 092   |o n 
LOK |0 852   |a DE-2619 
LOK |0 852 1  |9 00 
LOK |0 935   |a foda  |a nacj 
LOK |0 939   |a 24-03-23  |b l01 
OAS |a 1 
ORI |a SA-MARC-krimdoka001.raw